Statistiche per Paesi con Quattro Lettere: Quiz sulla Forma

Clicka qui per fare il quiz!

Statistiche generali

  • Questo quiz è stato fatto 416 volte
    (414 dall'ultimo reset)
  • Il punteggio medio è 10 su 12

Statistiche sulle risposte

Risposta% Corretto
Cile
96%
Cuba
90%
Cina
89%
Ciad
84%
Mali
80%
Perù
79%
Iran
78%
Laos
78%
Iraq
76%
Oman
69%
Togo
66%
Figi
65%

Distribuzione punteggi

Percentile per numero di risposta

Percentuale di utenti per punteggio

I tuoi punteggi nel tempo

Non hai fatto questo quiz dall'ultimo reset